000 00582nam a22001577a 4500
082 _a670
100 _aJamshaid, Muhammad
245 _aEffect of Machining on Fatigue life of Aerospace Grade aluminum Alloy (A1 6082-T6) /
_cMuhammad Jamshaid
260 _aIslamabad :
_bSMME - NUST,
_c2012.
300 _a58 p. ;
_c30cm.
650 _aIndustrial & Manufacturing Engineering-MS-Thesis
_916120
700 _aDr. Hussain Imran
_935473
856 _u http://10.250.8.41:8080/xmlui/handle/123456789/9134
942 _2ddc
_cTHE
999 _c541143
_d541143